Situaė̳s anl̀ogas ao trabalho escravo reflexos na ordem econm̥ica e nos direitos fundamentais /

Detalles Bibliográficos
Autor principal: Riegermann Ramos Damiô, Danielle
Formato: eBook
Lenguaje:portugués
Publicado: San Pablo: Letras Jurídicas Editora, 2014
Materias:
Acceso en línea:Acceso restringido

MARC

LEADER 00000nam a22000007a 4500
005 20210111221639.0
007 cr|||| ||||
008 210111s2014 br |||||s|||| 00||0 por d
020 |a 978-85-8248-046-5 
035 |a 32504 
040 |a vLex 
090 |c 11068  |d 11068 
100 1 |a Riegermann Ramos Damiô, Danielle 
245 1 0 |a Situaė̳s anl̀ogas ao trabalho escravo  |h [Recurso electrn̤ico] :  |b reflexos na ordem econm̥ica e nos direitos fundamentais /  |c Danielle Riegermann Ramos Damiô 
256 |a Servicio en ln̕ea 
260 |a San Pablo:  |b Letras Jurídicas Editora,  |c 2014 
300 |a 1 recurso electrn̤ico 
500 |a Esta pesquisa teve como objetivo observar como ocorrem as situaė̳s anl̀ogas da escravidô trabalhista, buscando analisar seus atuais conceitos e os requisitos para a sua caracterizaȯ̂. 
506 1 |a Disponible solo en los productos indicados  |d vLex Global  |d vLex Global (Academic Edition, excluding Law Schools)  |d vLex Global (U.S. Academic Edition, Law Schools)  |d vLex Global (U.S. Academic Edition, excluding Law Schools)  |d vLex Global (Academic Edition, Law Schools) 
650 0 4 |a Derecho Constitucional  |z Brasil 
740 0 |a vLex Libros (Servicio en ln̕ea) 
856 4 0 |u http://vlex.com/source/situa-es-analogas-ao-trabalho-escravo-reflexos-na-ordem-econ-mica-e-nos-direitos-fundamentais-32504  |z Acceso restringido 
942 |c BOOK 
999 0 |a Constitutional right